Give, Say & Spend (Record no. 12526)
[ view plain ]
| 000 -LEADER | |
|---|---|
| fixed length control field | 00250nam a22000977a 4500 |
| 008 - FIXED-LENGTH DATA ELEMENTS--GENERAL INFORMATION | |
| fixed length control field | 231218b |||||||| |||| 00| 0 eng d |
| 020 ## - INTERNATIONAL STANDARD BOOK NUMBER | |
| International Standard Book Number | 9781734822380 |
| 100 ## - MAIN ENTRY--PERSONAL NAME | |
| Personal name | Dayton L. Howard |
| 9 (RLIN) | 7742 |
| 245 ## - TITLE STATEMENT | |
| Title | Give, Say & Spend |
| 260 ## - PUBLICATION, DISTRIBUTION, ETC. (IMPRINT) | |
| Place of publication, distribution, etc. | Orlando, Florida |
| Date of publication, distribution, etc. | 2022 |
| Withdrawn status | Lost status | Source of classification or shelving scheme | Damaged status | Koha normalized classification for sorting | Not for loan | Home library | Current library | Shelving location | Date acquired | Total Checkouts | Full call number | Barcode | Date last seen | Price effective from | Koha item type |
|---|---|---|---|---|---|---|---|---|---|---|---|---|---|---|---|
| Dewey Decimal Classification | DAY_375_000000000000000 | Good Samaritan School Library | Good Samaritan School Library | CURRICULUM | 12/18/2023 | DAY375 | DAY17800 | 12/18/2023 | 12/18/2023 | BOOK |